h1

h2

h3

h4

h5
h6
000188878 001__ 188878
000188878 005__ 20210316110317.0
000188878 0247_ $$2DOI$$a10.1016/j.ces.2009.01.003
000188878 0247_ $$2HSB$$a999910100418
000188878 0247_ $$2INSPEC$$a10808984
000188878 0247_ $$2ISSN$$a0009-2509
000188878 0247_ $$2WOS$$aWOS:000265316700014
000188878 0247_ $$2SCOPUS$$aSCOPUS:2-s2.0-62249157752
000188878 037__ $$aRWTH-CONV-065189
000188878 041__ $$aEnglish
000188878 1001_ $$0P:(DE-82)145300$$aBollas, George M.$$b0$$eAuthor
000188878 245__ $$aBilevel optimization formulation for parameter estimation in vapor-liquid(-liquid) phase equilibrium problems$$honline, print
000188878 260__ $$aAmsterdam$$bElsevier$$c2009
000188878 3367_ $$00$$2EndNote$$aJournal Article
000188878 3367_ $$0PUB:(DE-HGF)16$$2PUB:(DE-HGF)$$aJournal Article$$bjournal$$mjournal
000188878 3367_ $$2BibTeX$$aARTICLE
000188878 3367_ $$2DRIVER$$aarticle
000188878 3367_ $$2DataCite$$aOutput Types/Journal article
000188878 3367_ $$2ORCID$$aJOURNAL_ARTICLE
000188878 591__ $$aGermany
000188878 7001_ $$0P:(DE-82)144951$$aBarton, Paul I.$$b1$$eAuthor
000188878 7001_ $$0P:(DE-82)IDM00369$$aMitsos, Alexander$$b2$$eAuthor
000188878 773__ $$0PERI:(DE-600)1501538-5$$a10.1016/j.ces.2009.01.003$$n8$$p1768-1783$$tChemical engineering science = Génie chimique$$v64$$x0009-2509
000188878 909CO $$ooai:publications.rwth-aachen.de:188878$$pVDB
000188878 9141_ $$y2009
000188878 9151_ $$0StatID:(DE-HGF)0031$$2StatID$$aPeer reviewed article
000188878 9201_ $$0I:(DE-82)080003_20140620$$k080003$$lAachen Institute for Advanced Study in Computational Engineering Science (AICES)$$x0
000188878 9201_ $$0I:(DE-82)120000_20140620$$k120000$$lFachgruppe Informatik$$x1
000188878 9201_ $$0I:(DE-82)416710_20140620$$k416710$$lLehrstuhl für Systemverfahrenstechnik$$x2
000188878 961__ $$c2014-08-22$$x2011-10-28$$z2012-02-20
000188878 970__ $$ahsb999910100418
000188878 980__ $$aConvertedRecord
000188878 980__ $$aI:(DE-82)080003_20140620
000188878 980__ $$aI:(DE-82)120000_20140620
000188878 980__ $$aI:(DE-82)416710_20140620
000188878 980__ $$aUNRESTRICTED
000188878 980__ $$aVDB
000188878 980__ $$ajournal